Miasta w Mazowieckim powyżej 50k mieszkańców - Statystyki

Ogólne statystyki
  • Ten quiz został rozwiązany 52 razy
  • Średni wynik to 6 z 7
Statystyki odpowiedzi
Ludność Odpowiedź % Poprawnych
123k Płock
100%
218k Radom
100%
1730k Warszawa
100%
60k Pruszków
91%
77k Siedlce
86%
53k Ostrołęka
79%
54k Legionowo
74%
Nie znaleziono quizów pasujących do podanych kryteriów
Rozkład punktacji
Procent ludzi z każdym wynikiem
Percentyl według liczby udzielonych odpowiedzi
Twoja historia wyników
Nie rozwiązałeś tego quizu